Statistics for The 10 Most Obese States in The U.S.

Click here to take the quiz!

General Stats

  • This quiz has been taken 27 times
  • The average score is 7 of 10

Answer Stats

RankAdult Obesity RateNick NameState% Correct
834.3%Bluegrass StateKentucky
88%
934.2%The Last FrontierAlaska
77%
636.2%Pelican StateLouisiana
73%
138.1%Mountain StateWest Virginia
73%
336.5%Sooner StateOklahoma
69%
436.4%Hawkeye StateIowa
65%
237.3%Magnolia StateMississippi
65%
1034.1Palmetto StateSouth Carolina
62%
536.3%Yellowhammer StateAlabama
54%
735%Natural StateArkansas
50%

Score Distribution

Percentile by Number Answered

Percent of People with Each Score

Your Score History

You have not taken this quiz